00922cam a22003017i 450000100090000000300050000900500170001400800410003101000170007201500190008901600200010802000180012803500240014604000090017004200240017905000230020306000280022606000110025408200200026524501090028526400110039430000430040533600260044833700280047433800270050249000560052949000350058517945263Nust20170331125031.0131118t20142014nyua b 001 0 eng  a 2013955604 aGBB3954852bnb7 a1016297882DNLM z3-527-31018-5 a(OCoLC)ocn861359530 cASAB anlmcopycalccopycat00aRD123.5b.B66 201400aW1bME9616J v.1109 201410aWH 38004a617.441059222300astem cell transplantation /cedited by A.D. Ho, R. Hoffman and E.D. Zanjanibbiology, processes, therapy 4c©2014 ax, 268 pages :billustrations c27 cm. atextbtxt2rdacontent aunmediatedbn2rdamedia avolumebnc2rdacarrier1 aMethods in molecular biology,x1064-3745 ;vv. 11091 aSpringer protocols,x1949-2448